| 000 | 00661nam a2200205Ia 4500 | ||
|---|---|---|---|
| 003 | GCL | ||
| 005 | 20240530095426.0 | ||
| 008 | 140319s9999 xx 000 0 ara d | ||
| 040 |
_aGCL / _cGCL |
||
| 082 | 0 | 4 |
_a608.7 _bم س |
| 100 | 1 | _aادير، جيمس | |
| 245 | 1 | 0 |
_aتوماس الفا اديسون : ابتكار عصر الكهرباء / _cادير، جيمس |
| 260 |
_aالرياض : _bمكتبة العبيكان ، _c2004 |
||
| 300 |
_a182 ص ؛ _c24 سم |
||
| 490 |
_aسلسلة علماء عباقرة _v0 |
||
| 650 | 0 | 4 | _aالكهرباء |
| 650 | 0 | 4 | _aالعلماء - تراجم |
| 650 | 0 | 4 | _aاديسون، توماس |
| 942 |
_2ddc _cBK |
||
| 999 |
_c7134 _d7134 |
||